| 000 | 00323nam a22001217a 4500 | ||
|---|---|---|---|
| 020 | _a0-675-2-449-6 | ||
| 082 | _a621.38154 BER'P | ||
| 100 |
_aBERLIN, HOWARD M , GETZ, F. C _965503 |
||
| 245 | _aPRINCIPLES OF ELECTRONIC INSTRUMENTATION AND MEASUREMENT | ||
| 260 |
_aLONDON _bMARRILL _c1988 |
||
| 300 | _a466P | ||
| 942 | _cBK | ||
| 999 |
_c573689 _d573689 |
||